La rosa de oro / (Record no. 92762)

MARC details
000 -LEADER
campo de control de longitud fija 00865nam a2200265 i 4500
001 - NÚMERO DE CONTROL
campo de control 92762
003 - IDENTIFICADOR DE NÚMERO DE CONTROL
campo de control ES-MaACL
005 - FECHA Y HORA DE LA ÚLTIMA TRANSACCIÓN
campo de control 20250624062525.0
007 - CAMPO FIJO DE DESCRIPCIÓN FÍSICA--INFORMACIÓN GENERAL
campo de control de longitud fija t|
008 - DATOS DE LONGITUD FIJA--INFORMACIÓN GENERAL
campo de control de longitud fija 050504s1927 sp ||||1| spa d
080 ## - NÚMERO DE LA CLASIFICACIÓN DECIMAL UNIVERSAL
Número de la Clasificación Decimal Universal 821.134.2-32"19"
100 1# - ENTRADA PRINCIPAL--NOMBRE DE PERSONA
Nombre de persona Valle-Inclán, Ramón del,
Fechas asociadas al nombre 1866-1936
Término indicativo de función/relación Autor
9 (RLIN) 112796
245 13 - MENCIÓN DEL TÍTULO
Título La rosa de oro /
Mención de responsabilidad, etc. Ramón del Valle-Inclán ; ilustraciones de Barbero.
260 ## - PUBLICACIÓN, DISTRIBUCIÓN, ETC.
Lugar de publicación, distribución, etc. Madrid :
Nombre del editor, distribuidor, etc. La Novela Mundial,
Fecha de publicación, distribución, etc. 1927.
300 ## - DESCRIPCIÓN FÍSICA
Extensión 62 p. :
Otras características físicas il. ;
Dimensiones 17 cm.
490 1# - MENCIÓN DE SERIE
Mención de serie Estampas isabelinas
490 1# - MENCIÓN DE SERIE
Mención de serie La novela mundial ;
Designación de volumen o secuencia año 2, n. 58
700 1# - ENTRADA AGREGADA--NOMBRE PERSONAL
Nombre de persona Barbero.
9 (RLIN) 25431
830 00 - PUNTO DE ACCESO ADICIONAL DE SERIE-TÍTULO UNIFORME
Título uniforme Estampas isabelinas
9 (RLIN) 239291
830 00 - PUNTO DE ACCESO ADICIONAL DE SERIE-TÍTULO UNIFORME
Título uniforme La novela mundial ;
Designación de volumen o secuencia año 2, n. 58
9 (RLIN) 191751
852 ## - LOCALIZACIÓN
Ubicación ES-MaACL
Sublocalización o colección R.135904
Ubicación en estantería Depósito folletos
Número de control de estantería 2185-F-29
942 ## - ELEMENTOS DE ENTRADA SECUNDARIOS (KOHA)
Fuente del sistema de clasificación o colocación Clasificación decimal universal
Tipo de ítem Koha Folleto
Suprimir en OPAC No
Holdings
Estatus retirado Estado de pérdida Estado de daño No para préstamo Colección Biblioteca de origen Biblioteca actual Ubicación en estantería Fecha de adquisición Fuente de adquisición Total de préstamos Signatura topográfica completa Código de barras Visto por última vez Precio de reemplazo Tipo de ítem Koha
        Colección de folletos Biblioteca del Ateneo de Madrid Biblioteca del Ateneo de Madrid Depósito folletos 17/01/2008     2185-F-29 1096837 23/02/2023 23/02/2023 Folleto